000 00335nam a22001217a 4500
008 230621b xxu||||| |||| 00| 0 eng d
082 _a328.3
_bIEA 2001
245 _aStrengthening the Role of Parliament in the Budget Process
260 _aKenya
_bInstitute of Economic Affairs
_c2001
300 _a42p
440 _n2
942 _2ddc
_cBK
999 _c2207
_d2207